Регионална библиотека "Любен Каравелов" - Русе

Concerto grosso d-moll (Запис номер 312810)

MARC детайли
000 -Лидер
Контролно поле с фиксирана дължина 01217ncm a2200337 c 4500
003 - Код на организацията, давaща контролен номер
Контролно поле BLK
005 - Дата и час на последна редакция
Контролно поле 20250215161921.0
008 - Елементи от данни с фиксирана дължина
fixed length control field 180414b bul |a|er|||| |0| c|bulo|
010 ## - Наследен системен номер
LC control number NOT00002653000
040 ## - Източник на каталожния запис
Идентификатор на билиотеката - собственик на записа BLK
041 ## - Код за език
Код за езика на текст/звукозапис или на отделно заглавие Немски
Код за езика КДБФ Немски
080 ## - УДК
Текстов определител УДК Оркестър от струнни инструменти
УДК код - определител по УДК 785.1:787
УДК определител
УДК - код + определител 785.1:787
100 1# - Редна дума - Автор
Автор Вивалди, Антонио
Авторска отговорност първи автор
R(LIN) 47870
139 ## - Редно поле
Редна дума Vivaldi, Antonio
Авторски знак Ви - В 55
245 10 - Сведения за заглавието
Заглавие Concerto grosso d-moll
Подзаглавни данни L'Estro armonico
Редно поле (дума) * Antonio Vivaldi; Антонио Вивалди.
Версия Op.3, Nr.11
257 ## - Страна на издаване
Страна на създаване/издаване Германия
260 ## - Област на издателските данни
-- Leipzig
Име на издателя, разпространителя и проч. Breitkopf 3267
Година на издаване Б. г.
300 ## - Физическа характеристика
Страници 15 с.
Размери/Мащаб 33 см
Съпровождащи материали 21 + 25 щима
380 ## - Жанр
Жанр Изкуство
500 ## - Общи забележки
Забележка 21 щима към Инв. № 3562 ; 25 щима към Инв. № 3563
650 #0 - Допълнително описание по предмет – тема
Основно описание – тема или топоним Оркестри, струнни инструменти
9 (RLIN) 353168
653 ## - Ключова дума – ненормативна
Ключова дума кончерто гросо
653 ## - Ключова дума – ненормативна
Ключова дума струнни оркестри
700 1# - Други автори (авторска отговорност)
Лично име Vivaldi, Antonio
Автороска отговорност (Описва отношението между автора и произведението) *
9 (RLIN) 27390
852 ## - Местоположение
Форматна сигнатура Цб М ІІ 11664
Част 0
856 4# - Електронен адрес и достъп
Електронен формат pdf - файл
Път до файла /url/
856 4# - Електронен адрес и достъп
Електронен формат pdf - файл
Път до файла /url/
942 ## - АРТИКУЛИ
Вид на библиотечния материал Нотни издания
Скрит в OPAC Не
944 ## - СЪЗДАВАНЕ И РЕДАКЦИЯ на ЗАПИСА
Създаване/Редакция Създаване
Дата на регистрацията/редакция 30.06.2008
Служител, извършил регистрацията/редакцията 30560
Статус, дата на статуса Геновева Генчева
944 ## - СЪЗДАВАНЕ И РЕДАКЦИЯ на ЗАПИСА
Създаване/Редакция Редакция
Дата на регистрацията/редакция 03.05.2010
Служител, извършил регистрацията/редакцията
999 ## - СИСТЕМНИ КОНТРОЛНИ НОМЕРА
Koha biblionumber 312810
Koha biblioitemnumber 312810
Наличности
Код за отписване Код за изгубен артикул Код за повреда Коз за рестрикции Код за отдаване Артикулен № Име на библиотеката - собственик Име на библиотеката, в която се намира в момента Статус (Текущо местоположение) Дата на вписване в системата Местоположение - отдел Цена в лева Инвентарен номер Систематично азбучна сигнатура Баркод Номер на екземпляра Цена в евро Служебна бележка Служебен тип на артикула
  Не е изгубен Не е повреден без рестрикции ползва се в читалня 665349 Регионална библиотека "Любен Каравелов" Русе Регионална библиотека "Любен Каравелов" Русе Хранилище 2008-07-04 Основен фонд - ползва се само за читалня 1.40 170000003562 Цб М ІІ 11664 170000003562 1 0.72 Дост: DA Вид: А N: 11 Дата: 04.07.2008 Нотни издания
  Не е изгубен Не е повреден без рестрикции ползва се в читалня 665350 Регионална библиотека "Любен Каравелов" Русе Регионална библиотека "Любен Каравелов" Русе Хранилище 2008-07-04 Основен фонд - ползва се само за читалня 1.40 170000003563 Цб М ІІ 11664 170000003563 2 0.72 Дост: DA Вид: А N: 11 Дата: 04.07.2008 Нотни издания
Vip Innovations Ltd, Rousse, Bulgaria 2025